| 000 | 00446nam a2200121Ia 4500 | ||
|---|---|---|---|
| 008 | 231221s9999 xx 000 0 und d | ||
| 041 | _aEnglish | ||
| 082 | _aQPMBPG14-6597 | ||
| 245 | 0 | _aCompensation and Benefits [e resource : question paper] : Third sem MBA degree exam, Dec 13/Jan 14 (12MBAHR342) | |
| 260 |
_c2014 _bVTU _aBangalore |
||
| 650 | _aCompensation,Benefits,[e,paper],Third,MBA,degree,exam,,Dec,13/Jan,14,(12MBAHR342) | ||
| 942 | _cDL | ||
| 999 |
_c217075 _d217075 |
||